Locking up children: secure provision within the child-care system

Guardado en:  
Detalles Bibliográficos
Autores principales: Millham, Spencer (Autor) ; Bullock, Roger (Autor) ; Hosie, Kenneth (Autor)
Tipo de documento: Print Libro
Lenguaje:Inglés
Publicado: Westmead, Farnbourough Saxon House 1978
En:Año: 1978
Disponibilidad en Tübingen:Disponible en Tübingen.
UB: KB 8 A 833
Verificar disponibilidad: HBZ Gateway
Servicio de pedido Subito: Pedir ahora.
Palabras clave:

MARC

LEADER 00000cam a2200000 c 4500
001 248891391
003 DE-627
005 20251222210957.0
007 tu
008 980917s1978 xxk||||| 00| ||eng c
016 7 |a 0566001705  |2 UK 
020 |a 0566001705  |9 0-566-00170-5 
035 |a (DE-627)248891391 
035 |a (DE-576)024070661 
035 |a (DE-599)GBV248891391 
035 |a (OCoLC)245781261 
035 |a (OCoLC)04464954 
040 |a DE-627  |b ger  |c DE-627  |e rakwb 
041 |a eng 
044 |c XA-GB 
050 0 |a HV9145.A5 
082 0 |a 365.420941 
084 |a DS 7180  |2 rvk  |0 (DE-625)rvk/19962: 
084 |a PH 8420  |2 rvk  |0 (DE-625)rvk/136501: 
084 |a DV 2685  |2 rvk  |0 (DE-625)rvk/20197: 
100 1 |a Millham, Spencer  |4 aut 
245 1 0 |a Locking up children  |b secure provision within the child-care system  |c Spencer Millham; Roger Bullock; Kenneth Hosie 
264 1 |a Westmead, Farnbourough  |b Saxon House  |c 1978 
300 |a X, 196 S  |b graph. Darst 
336 |a Text  |b txt  |2 rdacontent 
337 |a ohne Hilfsmittel zu benutzen  |b n  |2 rdamedia 
338 |a Band  |b nc  |2 rdacarrier 
583 1 |a Archivierung prüfen  |c 20200919  |f DE-640  |z 3  |2 pdager 
650 4 |a Juvenile detention homes  |x Great Britain 
650 4 |a Juvenile corrections  |x Great Britain 
700 1 |a Bullock, Roger  |0 (DE-588)131708554  |0 (DE-627)512983798  |0 (DE-576)160480183  |4 aut 
700 1 |a Hosie, Kenneth  |4 aut 
889 |w (DE-576)468541322 
935 |i Blocktest 
936 r v |a DS 7180  |b Schulsozialarbeit  |k Pädagogik  |k Sozialpädagogik, Sozialarbeit  |k Berufsfelder  |k Jugendhilfe  |k Schulsozialarbeit  |0 (DE-627)1270885715  |0 (DE-625)rvk/19962:  |0 (DE-576)200885715 
936 r v |a PH 8420  |b Kinderkriminalität; Jugendkriminalität; Frauenkriminalität, Mädchenkriminalität; Alterskriminalität; Ausländerkriminalität  |k Rechtswissenschaft  |k Strafrecht, Strafverfahrensrecht, Kriminologie  |k Kriminologie  |k Soziale Profile; Soziale Gruppen; Tätergemeinschaften (hier auch: Internationale Kriminalität)  |k Kinderkriminalität; Jugendkriminalität; Frauenkriminalität, Mädchenkriminalität; Alterskriminalität; Ausländerkriminalität  |0 (DE-627)1271674998  |0 (DE-625)rvk/136501:  |0 (DE-576)201674998 
936 r v |a DV 2685  |b Schottland  |k Pädagogik  |k Vergleichende Erziehungswissenschaft  |k Länder S  |k Schottland  |0 (DE-627)1270811185  |0 (DE-625)rvk/20197:  |0 (DE-576)200811185 
951 |a BO 
ELC |b 1 
LOK |0 000 xxxxxcx a22 zn 4500 
LOK |0 001 3354691603 
LOK |0 003 DE-627 
LOK |0 004 248891391 
LOK |0 005 20020606000000 
LOK |0 008 910502||||||||||||||||ger||||||| 
LOK |0 040   |a DE-21  |c DE-627  |d DE-21 
LOK |0 852   |a DE-21 
LOK |0 852 1  |c KB 8 A 833  |9 00 
LOK |0 935   |a krim 
LOK |0 936ln  |a k4.2.3 
LOK |0 939   |a 02-05-91  |b l01 
ORI |a SA-MARC-krimdoka001.raw 
SIG |a UB: KB 8 A 833